| 000 | 00987nam a22003017a 4500 | ||
|---|---|---|---|
| 001 | 7241 | ||
| 003 | FISKH | ||
| 005 | 20250703150257.0 | ||
| 008 | 250703b cb ||||| |||| 00| 0 eng d | ||
| 020 | _a0439133807 | ||
| 040 |
_aFISKH _beng _cFISKH _dFISKH |
||
| 050 | _aPZ7.A2615 C | ||
| 082 | _a813.54 | ||
| 100 |
_aA.Adler, David _d(1947–) |
||
| 245 |
_aCam Jansen and the mystery of the stolen corn popper / _cDavid A.Adler ; Illustrated by Susanna Natti |
||
| 250 | _aThis edition first published in 1999 | ||
| 260 |
_aNew York : _bScholastic, _c1986 |
||
| 300 |
_a58 pages : _billustrations ; _c20 cm |
||
| 505 | _aN | ||
| 520 | _aFifth-grade sleuth Cam Jansen uses her photographic memory to catch a thief during a department store sale. | ||
| 521 | 8 |
_a550
_bLexile |
|
| 521 | 8 |
_aN
_bRaz-Plus |
|
| 650 |
_2Cam Jansen _aChapter book |
||
| 650 |
_2Mystery _aPhotographic memory |
||
| 700 |
_aNatti, Susanna _dillustrator |
||
| 942 |
_2ddc _cBK _n0 |
||
| 999 |
_c7241 _d7241 |
||